| 000 | 00475nmm a2200157Ia 4500 | ||
|---|---|---|---|
| 008 | 251105s9999||||xx |||||||||||||||||und|| | ||
| 020 | _a9788431512958 | ||
| 041 | _aspa | ||
| 100 | _aKauffmann, Jean-Pierre | ||
| 245 | 0 | _aGuía práctica de la morfopsicología | |
| 264 |
_a[Madrid, España] : _bDe Vecchi, _c[Fecha de publicación no identificada] |
||
| 300 | _a0 páginas | ||
| 650 | _aFamily | ||
| 856 | _uhttps://public.digitaliapublishing.com/a/122466 | ||
| 942 | _cCF | ||
| 999 |
_c80930 _d80930 |
||